Tváře sportovců přitahují aneb kupte výrobku obličej

Využívanie športovcov na marketingové účely. Tvár priťahuje. Reklama na dresoch a športovom oblečení. Dôveryhodnosť osoby športovca. Zvyšovanie ceny športovca po výraznom športovom úspechu. Reklama na športovom náradí. Reklama na výsledkových tabuliach. Meno sponzora v mene športového zariadenia.

Gespeichert in:
Bibliographische Detailangaben
1. Verfasser: Dvořáková, Šárka
Format: Buchkapitel
Sprache:Tschechisch
Schlagworte:
Tags: Tag hinzufügen
Keine Tags, Fügen Sie das erste Tag hinzu!

MARC

LEADER 00000naa$a2200000$$$4500
001 0049597
005 20231018130035.9
041 0 |a cze 
044 |a CZ 
245 1 0 |a Tváře sportovců přitahují aneb kupte výrobku obličej  |c Šárka Dvořáková 
520 |a Využívanie športovcov na marketingové účely. Tvár priťahuje. Reklama na dresoch a športovom oblečení. Dôveryhodnosť osoby športovca. Zvyšovanie ceny športovca po výraznom športovom úspechu. Reklama na športovom náradí. Reklama na výsledkových tabuliach. Meno sponzora v mene športového zariadenia. 
610 2 0 |a marketing 
610 2 0 |a médiá 
610 2 0 |a nástroje marketingové 
610 2 0 |a reklama 
610 2 0 |a sponzorovanie 
610 2 0 |a šport 
610 2 0 |a značky výrobkov 
100 1 |a Dvořáková, Šárka